|
|
|
|
| LEADER |
00000nab a2200000 a 4500 |
| 001 |
vtls010718291 |
| 003 |
SK-MaSNL |
| 005 |
20260304191340.0 |
| 008 |
250709s xo |||||||||||||||||slo| |
| 035 |
|
|
|a (urnnbn)urn:nbn:sk:snk:ar-a04oxr
|
| 035 |
|
|
|a (uuid)fc20446e-a0ac-45f6-9e44-ada737be735b
|
| 035 |
|
|
|a urn:nbn:sk:snk-ab3juz
|
| 040 |
|
|
|a SNKBUCL
|b slo
|c SNKBUCL
|e AACR2
|
| 041 |
0 |
|
|a cze
|
| 044 |
|
|
|a xo
|c SK
|
| 100 |
1 |
|
|a Vošmerová, Milada
|4 aut
|9 1168876
|
| 245 |
1 |
0 |
|a Didaktické hry v mateřské škole
|c Milada Vošmerová
|
| 773 |
0 |
|
|t Otázky defektológie : časopis pre teóriu a prax na školách a v zariadeniach pre mládež vyžadujúcu osobitnú starostlivosť
|g Roč. 9, č. 6 (1966-1967), s. 247-248
|
| 850 |
|
|
|a Slovenská národná knižnica
|
| 852 |
|
|
|a Slovenská národná knižnica
|
| 958 |
|
|
|a article1
|
| 958 |
|
|
|a OND
|
| 958 |
|
|
|a EUIPO
|
| 999 |
|
|
|c 3053549
|d 3055479
|